000 00885nmm a2200289 a 4500
001 ocm0001520718
003 TR-IsHL
005 20201028163427.0
008 170206s2013 tu tur
007 cr cn
020 _a9786051312422
035 _a1520718
_b(N$T)
050 0 4 _aBP165
_b.B45 2013
090 0 4 _aBP165
_b.B45 2013
100 1 _aBektaş, Ali
245 1 0 _aAşk-ı sübhan
_h[electronic resource] /
_cAli Bektaş
260 _aİstanbul :
_bNesil Yayınları,
_c2013
300 _a270 p.
650 4 _aFelsefe, Psikoloji ve Din
650 4 _aPhilosophy, Psychology and Religion
650 0 _aİslam, Akaid
650 0 _aIslam, Aqaid
650 0 _aİslami vaazlar
650 0 _aIslamic sermons
650 7 _aRELIGION / Islam / General
_2bisacsh
856 4 0 _uhttp://search.ebscohost.com/login.aspx?direct=true&scope=site&db=e011xww&AN=1520718
999 _c15325
_d15325